|
|
|
|
| LEADER |
03623nam a2200637 4500 |
| 001 |
ocn171297070 |
| 003 |
OCoLC |
| 005 |
20180501121914.0 |
| 006 |
m o d |
| 007 |
cr cnu---unuuu |
| 008 |
070914s2003 ne af ob 001 0 eng d |
| 040 |
|
|
|a N$T
|b eng
|e pn
|c N$T
|d YDXCP
|d BTCTA
|d OCLCQ
|d UIU
|d OCLCQ
|d OPELS
|d OCLCQ
|d OPELS
|d OCLCF
|d KUK
|d UKDOC
|d OCLCQ
|d IDEBK
|d OCLCQ
|d TFH
|d OCLCO
|d KIJ
|d GrThAP
|
| 019 |
|
|
|a 171131651
|a 178593946
|a 436922248
|a 823827235
|a 823896740
|a 824088783
|a 824135168
|a 905897030
|
| 020 |
|
|
|a 9780080497105
|q (electronic bk.)
|
| 020 |
|
|
|a 0080497101
|q (electronic bk.)
|
| 020 |
|
|
|a 0121822729
|q (electronic bk.)
|
| 020 |
|
|
|a 9780121822729
|q (electronic bk.)
|
| 020 |
|
|
|a 1281011398
|
| 020 |
|
|
|a 9781281011398
|
| 035 |
|
|
|a (OCoLC)171297070
|z (OCoLC)171131651
|z (OCoLC)178593946
|z (OCoLC)436922248
|z (OCoLC)823827235
|z (OCoLC)823896740
|z (OCoLC)824088783
|z (OCoLC)824135168
|z (OCoLC)905897030
|
| 050 |
|
4 |
|a QP601
|b .M49eb vol. 369
|
| 060 |
|
4 |
|a W1
|b ME9615K v.369 2003
|
| 060 |
|
4 |
|a QV 744
|b C7313 2003
|
| 072 |
|
7 |
|a SCI
|x 007000
|2 bisacsh
|
| 072 |
|
7 |
|a PSBZ
|2 bicssc
|
| 082 |
0 |
4 |
|a 572/.7
|2 22
|
| 049 |
|
|
|a TEFA
|
| 245 |
0 |
0 |
|a Combinatorial chemistry.
|n Part B /
|c edited by Guillermo A. Morales, Barry A. Bunin.
|
| 260 |
|
|
|a Amsterdam ;
|a Boston :
|b Elsevier Academic Press,
|c ©2003.
|
| 300 |
|
|
|a 1 online resource (xxxvi, 569 pages, [17] pages of plates) :
|b illustrations.
|
| 336 |
|
|
|a text
|b txt
|2 rdacontent
|
| 337 |
|
|
|a computer
|b c
|2 rdamedia
|
| 338 |
|
|
|a online resource
|b cr
|2 rdacarrier
|
| 490 |
1 |
|
|a Methods in enzymology,
|x 0076-6879 ;
|v v. 369
|
| 500 |
|
|
|a Part B of: Combinatorial chemistry / edited by John N. Abelson. c1996.
|
| 504 |
|
|
|a Includes bibliographical references and indexes.
|
| 505 |
0 |
|
|a Section I. Analytical techniques -- Section II. Directed sorting split-and-pool combinatorial synthesis -- Section III. Linkers and their applications -- Section IV. Microwave-assisted synthesis -- Section V. Oligosaccharide chemistry -- Section VI. Peptide synthesis and screening -- Section VII. Polymer-assisted approaches -- Section VIII. Small molecule and heterocycle synthesis.
|
| 588 |
0 |
|
|a Print version record.
|
| 520 |
|
|
|a Combinatorial Chemistry encompasses both the design of compounds for specific pharmacological use and the screening of molecules in high throughput automated tests to find active agents with specific functions. *Analytical techniques *Direct sorting split and pool combinatorial synthesis *Linkers and their applications *Microwave assisted synthesis *Oligosaccharide chemistry *Peptide Synthesis and Screening *Polymer assisted approaches *Small molecule and heterocycle synthesis.
|
| 650 |
|
0 |
|a Combinatorial chemistry.
|
| 650 |
|
0 |
|a Pharmaceutical chemistry.
|
| 650 |
|
6 |
|a Chimie combinatoire.
|
| 650 |
|
7 |
|a SCIENCE
|x Life Sciences
|x Biochemistry.
|2 bisacsh
|
| 650 |
|
7 |
|a Combinatorial chemistry.
|2 fast
|0 (OCoLC)fst00868966
|
| 650 |
|
7 |
|a Pharmaceutical chemistry.
|2 fast
|0 (OCoLC)fst01060115
|
| 650 |
|
7 |
|a Biofísica.
|2 larpcal
|
| 650 |
0 |
2 |
|a Combinatorial Chemistry Techniques [MESH]
|
| 650 |
0 |
2 |
|a Biotechnology
|x methods [MESH]
|
| 650 |
0 |
2 |
|a Models, Chemical [MESH]
|
| 655 |
|
4 |
|a Electronic books.
|
| 655 |
|
7 |
|a Electronic books.
|2 lcgft
|
| 700 |
1 |
|
|a Morales, Guillermo A.
|
| 700 |
1 |
|
|a Bunin, Barry A.
|
| 776 |
0 |
8 |
|i Print version:
|t Combinatorial chemistry. Part B.
|d Amsterdam ; Boston : Elsevier Academic Press, ©2003
|z 0121822729
|z 9780121822729
|w (OCoLC)53966843
|
| 830 |
|
0 |
|a Methods in enzymology ;
|v v. 369.
|x 0076-6879
|
| 856 |
4 |
0 |
|u https://www.sciencedirect.com/science/bookseries/00766879/369
|z Full Text via HEAL-Link
|